|
|
|
|
| LEADER |
00000cam a2200000 a 4500 |
| 001 |
vtls001477944 |
| 003 |
SK-MaSNL |
| 005 |
20260301122132.0 |
| 008 |
220509s2004 xo grn 00000 slo |
| 015 |
|
|
|a SNBA2005/05-01728
|
| 020 |
|
|
|a 8096911066
|q (brožované)
|
| 035 |
|
|
|a SNK000433244
|
| 035 |
|
|
|a urn:nbn:sk:snk-am3j2uy
|
| 035 |
|
|
|a C82A206C-4DB7-490B-A8BA-5DA9136B5340
|
| 035 |
|
|
|a urn:nbn:sk:snk-am00gfzs
|
| 040 |
|
|
|a SNK
|b slo
|c SNK
|e AACR2
|
| 041 |
0 |
|
|a slo
|b eng
|b ger
|
| 044 |
|
|
|a xo
|c SK
|
| 072 |
|
7 |
|a 27
|x Kresťanstvo. Kresťanská cirkev všeobecne. Ekleziológia
|2 konspekt
|
| 080 |
|
|
|a 274/278-726.3
|2 1997
|
| 080 |
|
|
|a 274/278-722.53
|2 2011
|
| 080 |
|
|
|a 274/279-1/-9
|2 2011
|
| 080 |
|
|
|a (048.8)
|2 2011
|
| 080 |
|
|
|a 27-725
|2 2001
|
| 100 |
1 |
|
|a Klátik, Miloš,
|d 1963-
|4 aut
|9 106618
|
| 245 |
1 |
0 |
|a Všeobecné kňazstvo pokrstených veriacich
|c Miloš Klátik
|
| 250 |
|
|
|a [1. vyd.]
|
| 260 |
|
|
|a Bratislava
|b ZH system
|c 2004
|
| 300 |
|
|
|a 183 strán
|c 21 cm
|
| 504 |
|
|
|a Bibliografia na strane 177-183
|
| 546 |
|
|
|a Anglické a nemecké resumé
|
| 650 |
0 |
7 |
|a kňazstvo
|2 SNKPH
|9 824
|
| 650 |
0 |
7 |
|a evanjelickí kňazi
|2 SNKPH
|9 69499
|
| 650 |
0 |
7 |
|a evanjelické učenie
|2 SNKPH
|9 118035
|
| 655 |
|
7 |
|a monografie
|2 SNKPH
|9 70139
|
| 919 |
|
|
|a 80-969110-6-6
|
| 958 |
|
|
|a NT
|
| 958 |
|
|
|a NB
|
| 958 |
|
|
|a OND
|
| 999 |
|
|
|c 731815
|d 733745
|
| 952 |
|
|
|t P60, <03>, [BOOK], {603}, -B-
|a SNK
|b SNK
|y PREZ
|7 0
|p 17A0435708
|o snkSC 116473
|i snkKSP 8923/2004
|0 0
|1 0
|4 0
|d 2004-07-08
|f 1
|l 0
|r 2025-10-16 00:00:00
|w 2026-02-23
|
| 952 |
|
|
|t P60, <04>, [BOOK], {604}
|a SNK
|b SNK
|y VYP
|7 0
|p 17A0435709
|o snkSC 116473 D1
|i snkKSP 8924/2004
|0 0
|1 0
|4 0
|d 2004-07-08
|l 0
|r 2005-01-02 00:00:00
|w 2026-02-23
|